| 000 | 00719 a2200289 4500 | ||
|---|---|---|---|
| 260 | _aParis | ||
| 630 | _a65 - Gestion et organisation de l'industrie, du commerce et des transports | ||
| 650 | _a6 - SCIENCES APPLIQUEES | ||
| 100 | _aTeixido, Christian | ||
| 700 | _aRak, Ignace | ||
| 260 | _bLes édition foucher | ||
| 245 | _aApproches système | ||
| 300 | _a383p | ||
| 650 | _aIndustrie : projet : cours | ||
| 650 | _aMarketing : cours | ||
| 260 | _c1992 | ||
| 300 | _b29 cm | ||
| 100 | _lFr. | ||
| 037 | _aS 6274 | ||
| 250 | _aNouvelle édition | ||
| 700 | _aCazénaud, Marie | ||
| 700 | _aCol | ||
| 700 | _aCol, Favier, Josette | ||
| 020 | _a2-216-00591-8 | ||
| 999 |
_c44318 _d44318 |
||